00634nam a2200169Ia 450000500170000000800410001702000150005808200150007310000240008824500820011226000400019430000130023450000990024794200060034695200970035299900150044920250526033108.0240331s9999 xx 000 0 und d a9552008484 a303.6bSWA aSwarnasinghe, K.M.I 0aSri Lankawe vargika aragalaya pasubim kala padhya ha geetha Nirmana 1980-1988 aColombobS. Godage & Brothersc1992 a103 p ., aPoems and songs written against the backdrop of the ethnic struggle in Sri Lanka (1980 - 1988) cL 001040708LaWERCLbWERCLcSSCd2024-03-31l0o 303.6 SWAp3091r2024-03-31w2024-03-31yL c1300d1300